| 000 | 00682 a2200193 4500 | ||
|---|---|---|---|
| 020 | _a0743257146 | ||
| 020 | _a9780743257145 | ||
| 090 |
_c2715 _d2715 |
||
| 100 | 1 | _aBlanchard, Ken. | |
| 245 | 1 | 4 |
_aThe leadership pill : _bthe missing ingredient in motivating people today / _cKen Blanchard. |
| 260 |
_a[S.l.] : _bSimon & Schuster Ltd, _c2004. |
||
| 300 |
_a113 p. ; _c22 cm. |
||
| 500 | _aImport. | ||
| 500 | _aHardcover. | ||
| 700 | 1 | _aMuchnick, Marc. | |
| 856 | 4 | 0 |
_3Amazon.com _uhttp://www.amazon.com/exec/obidos/ASIN/0743257146/chopaconline-20 |
| 856 | 4 | 0 |
_3Amazon customer reviews _uhttp://www.chopac.org/cgi-bin/tools/azrev.pl?q=0743257146 |
| 942 |
_aNBS _cBK _k658.4092 MUC |
||
| 999 |
_c345206 _d345206 |
||